000 00286nam a22001337a 4500
008 171102b xxu||||| |||| 00| 0 eng d
020 _a9780078210372
041 _aeng
080 _a330.113
100 _a59
101 _aBUS
245 _aBUSINESS LAW
_cBROWN, G.W
942 _2udc
_cBK
999 _c37248
_d37248